<?xml version="1.0" encoding="UTF-8"?>
<record
    xmlns:xsi="http://www.w3.org/2001/XMLSchema-instance"
    xsi:schemaLocation="http://www.loc.gov/MARC21/slim http://www.loc.gov/standards/marcxml/schema/MARC21slim.xsd"
    xmlns="http://www.loc.gov/MARC21/slim">

  <leader>00724nam a22002057a 4500</leader>
  <controlfield tag="005">20140603130648.0</controlfield>
  <datafield tag="010" ind1=" " ind2=" ">
    <subfield code="a">B-505512-517</subfield>
  </datafield>
  <datafield tag="020" ind1=" " ind2=" ">
    <subfield code="a">9789380618180</subfield>
    <subfield code="c">3995.00</subfield>
  </datafield>
  <datafield tag="035" ind1=" " ind2=" ">
    <subfield code="a">B-505512-517</subfield>
  </datafield>
  <datafield tag="037" ind1=" " ind2=" ">
    <subfield code="a">dpl</subfield>
    <subfield code="b">BSB/Ven</subfield>
  </datafield>
  <datafield tag="082" ind1=" " ind2=" ">
    <subfield code="a">615.3210954</subfield>
  </datafield>
  <datafield tag="100" ind1=" " ind2=" ">
    <subfield code="a">Sukh Dev</subfield>
  </datafield>
  <datafield tag="245" ind1=" " ind2=" ">
    <subfield code="a">Prime Ayurvedic Plant Drugs:</subfield>
    <subfield code="b">a modern scientific appraisal/</subfield>
    <subfield code="c">by Sukh Dev</subfield>
  </datafield>
  <datafield tag="250" ind1=" " ind2=" ">
    <subfield code="a">2nd Edn.</subfield>
  </datafield>
  <datafield tag="260" ind1=" " ind2=" ">
    <subfield code="a">New Delhi</subfield>
    <subfield code="b">Ane Books</subfield>
    <subfield code="c">2012</subfield>
  </datafield>
  <datafield tag="270" ind1=" " ind2=" ">
    <subfield code="a">4821, Parwana Bhawan, Ist Floor, 24 Ansari Road, Darya Ganj</subfield>
    <subfield code="b">New Delhi</subfield>
    <subfield code="e">110002</subfield>
  </datafield>
  <datafield tag="300" ind1=" " ind2=" ">
    <subfield code="a">783p.:</subfield>
    <subfield code="b">col.ill.</subfield>
    <subfield code="c">23cm(Hb)</subfield>
  </datafield>
  <datafield tag="942" ind1=" " ind2=" ">
    <subfield code="2">ddc</subfield>
    <subfield code="c">EN</subfield>
    <subfield code="h">615.3210954</subfield>
    <subfield code="m">SUK</subfield>
  </datafield>
  <datafield tag="999" ind1=" " ind2=" ">
    <subfield code="c">84784</subfield>
    <subfield code="d">84784</subfield>
  </datafield>
  <datafield tag="952" ind1=" " ind2=" ">
    <subfield code="0">0</subfield>
    <subfield code="1">0</subfield>
    <subfield code="4">0</subfield>
    <subfield code="7">1</subfield>
    <subfield code="8">REF</subfield>
    <subfield code="a">L</subfield>
    <subfield code="b">L</subfield>
    <subfield code="d">2014-06-03</subfield>
    <subfield code="e">BSB/881/09.03.2013/169/08.03.2013/20.03.2013</subfield>
    <subfield code="g">3995.00</subfield>
    <subfield code="l">0</subfield>
    <subfield code="o">615.3210954 SUK</subfield>
    <subfield code="p">B-505512</subfield>
    <subfield code="r">2014-06-03 00:00:00</subfield>
    <subfield code="t">1</subfield>
    <subfield code="v">3995.00</subfield>
    <subfield code="w">2014-06-03</subfield>
    <subfield code="y">EN</subfield>
  </datafield>
  <datafield tag="952" ind1=" " ind2=" ">
    <subfield code="0">0</subfield>
    <subfield code="1">0</subfield>
    <subfield code="4">0</subfield>
    <subfield code="7">1</subfield>
    <subfield code="8">REF</subfield>
    <subfield code="a">BL1</subfield>
    <subfield code="b">BL1</subfield>
    <subfield code="d">2014-06-03</subfield>
    <subfield code="e">BSB/881/09.03.2013/169/08.03.2013/20.03.2013</subfield>
    <subfield code="g">3995.00</subfield>
    <subfield code="l">0</subfield>
    <subfield code="o">615.3210954 SUK</subfield>
    <subfield code="p">B-505513</subfield>
    <subfield code="r">2014-06-03 00:00:00</subfield>
    <subfield code="t">1</subfield>
    <subfield code="v">3995.00</subfield>
    <subfield code="y">EN</subfield>
  </datafield>
  <datafield tag="952" ind1=" " ind2=" ">
    <subfield code="0">0</subfield>
    <subfield code="1">0</subfield>
    <subfield code="4">0</subfield>
    <subfield code="7">1</subfield>
    <subfield code="8">REF</subfield>
    <subfield code="a">JP</subfield>
    <subfield code="b">JP</subfield>
    <subfield code="d">2014-06-03</subfield>
    <subfield code="e">BSB/881/09.03.2013/169/08.03.2013/20.03.2013</subfield>
    <subfield code="g">3995.00</subfield>
    <subfield code="l">0</subfield>
    <subfield code="o">615.3210954 SUK</subfield>
    <subfield code="p">B-505514</subfield>
    <subfield code="r">2018-06-12 00:00:00</subfield>
    <subfield code="t">1</subfield>
    <subfield code="v">3995.00</subfield>
    <subfield code="y">EN</subfield>
  </datafield>
  <datafield tag="952" ind1=" " ind2=" ">
    <subfield code="0">0</subfield>
    <subfield code="1">0</subfield>
    <subfield code="4">0</subfield>
    <subfield code="7">1</subfield>
    <subfield code="8">REF</subfield>
    <subfield code="a">BL3</subfield>
    <subfield code="b">BL3</subfield>
    <subfield code="d">2014-06-03</subfield>
    <subfield code="e">BSB/881/09.03.2013/169/08.03.2013/20.03.2013</subfield>
    <subfield code="g">3995.00</subfield>
    <subfield code="l">0</subfield>
    <subfield code="o">615.3210954 SUK</subfield>
    <subfield code="p">B-505515</subfield>
    <subfield code="r">2014-06-03 00:00:00</subfield>
    <subfield code="t">1</subfield>
    <subfield code="v">3995.00</subfield>
    <subfield code="y">EN</subfield>
  </datafield>
  <datafield tag="952" ind1=" " ind2=" ">
    <subfield code="0">0</subfield>
    <subfield code="1">0</subfield>
    <subfield code="4">0</subfield>
    <subfield code="7">1</subfield>
    <subfield code="8">REF</subfield>
    <subfield code="a">NR</subfield>
    <subfield code="b">NR</subfield>
    <subfield code="d">2014-06-03</subfield>
    <subfield code="e">BSB/881/09.03.2013/169/08.03.2013/20.03.2013</subfield>
    <subfield code="g">3995.00</subfield>
    <subfield code="l">0</subfield>
    <subfield code="o">615.3210954 SUK</subfield>
    <subfield code="p">B-505516</subfield>
    <subfield code="r">2014-06-03 00:00:00</subfield>
    <subfield code="t">1</subfield>
    <subfield code="v">3995.00</subfield>
    <subfield code="y">EN</subfield>
  </datafield>
  <datafield tag="952" ind1=" " ind2=" ">
    <subfield code="0">0</subfield>
    <subfield code="1">0</subfield>
    <subfield code="4">0</subfield>
    <subfield code="7">0</subfield>
    <subfield code="8">NFIC</subfield>
    <subfield code="a">BL4</subfield>
    <subfield code="b">BL4</subfield>
    <subfield code="d">2014-06-03</subfield>
    <subfield code="e">BSB/881/09.03.2013/169/08.03.2013/20.03.2013</subfield>
    <subfield code="g">3995.00</subfield>
    <subfield code="l">2</subfield>
    <subfield code="m">1</subfield>
    <subfield code="o">615.3210954 SUK</subfield>
    <subfield code="p">B-505517</subfield>
    <subfield code="r">2020-02-21 00:00:00</subfield>
    <subfield code="s">2020-01-22</subfield>
    <subfield code="t">1</subfield>
    <subfield code="v">3995.00</subfield>
    <subfield code="y">EN</subfield>
  </datafield>
</record>
